The Best of Inc. guide to marketing and selling / (Record no. 19337)
[ view plain ]
| 000 -LEADER | |
|---|---|
| fixed length control field | 00420nam a2200145 a 4500 |
| 005 - DATE AND TIME OF LATEST TRANSACTION | |
| control field | 20140310183138.0 |
| 008 - FIXED-LENGTH DATA ELEMENTS--GENERAL INFORMATION | |
| fixed length control field | 020819s19uu xx 00 eng d |
| 050 ## - LIBRARY OF CONGRESS CALL NUMBER | |
| Classification number | HF 5415.1 |
| Item number | In53 1988 |
| 245 ## - TITLE STATEMENT | |
| Title | The Best of Inc. guide to marketing and selling / |
| Statement of responsibility, etc | The editors of Inc. magazine. |
| 300 ## - PHYSICAL DESCRIPTION | |
| Extent | 281 p. ; |
| Dimensions | 24 cm. |
| 650 ## - SUBJECT ADDED ENTRY--TOPICAL TERM | |
| Topical term or geographic name as entry element | Marketing |
| 650 ## - SUBJECT ADDED ENTRY--TOPICAL TERM | |
| Topical term or geographic name as entry element | Marketing |
| General subdivision | management |
| 942 ## - ADDED ENTRY ELEMENTS (KOHA) | |
| Koha item type | Books |
| Source of classification or shelving scheme | Library of Congress Classification |
| Call number prefix | Foreign |
| Withdrawn status | Lost status | Source of classification or shelving scheme | Damaged status | Home library | Current library | Shelving location | Date acquired | Total Checkouts | Full call number | Barcode | Date last seen | Copy number | Price effective from | Koha item type |
|---|---|---|---|---|---|---|---|---|---|---|---|---|---|---|
| Library of Congress Classification | College Library | College Library | General Circulation Section | 09/15/2009 | HF 5415.1 In53 1988 | C0174 | 05/15/2018 | 1 | 03/10/2014 | Books |